00971cam a2200241 a 450000100100000000500170001000800410002702000150006804000380008308200150012110000470013624500650018326000490024830000330029749000410033050400550037160000510042665000360047783000490051391000340056295201180059699900150071400000730220200929154127.0020304s2002 pr a b 001 0bspa  a1563282038 aDO-SdBNPcPBRdPL#dPBRdNOCdDLC a920bH557r1 aHernández, Carmen Dolores,d1942-92027810aRicardo Alegría :buna vida /cCarmen Dolores Hernández. aSan Juan, Puerto Rico :bPlaza Mayor,c2002. axxv, 571 p. :bil. ;c24 cm.1 aBiblioteca de autores de Puerto Rico aIncluye referencias bibliográficas (p. 531-560).10aALEGRIA, RICARDO E.d1921-vBIOGRAFÍA920279 4aArqueologiazPuerto Rico920280 0aBiblioteca de autores de Puerto Rico ;99722 aCatalogación por copia / LC 001052708MOaGRbGRcCTd2009-09-07iLF1l0o920 H557rp7302-10r2020-06-25w2020-06-25y2ZPréstamo interno c7083d7083